|
|
|
|
| LEADER |
00723cam a2200193 7i4500 |
| 001 |
0000036616 |
| 005 |
20170324090000.0 |
| 020 |
|
|
|a 9780470135389 (hbk)
|
| 090 |
0 |
0 |
|a BF431
|b .P73 2009
|
| 245 |
0 |
0 |
|a Practitioner's guide to assessing intelligence and achievement
|c edited by Jack A. Naglieri, Sam Golstein.
|
| 260 |
|
|
|a Hoboken, N.J.:
|b John Wiley & Sons, Inc.,
|c 2009.
|
| 300 |
|
|
|a xiii, 585 p.:
|b ill.;
|c 24 cm.
|
| 650 |
0 |
0 |
|a Achievement tests
|
| 650 |
0 |
0 |
|a Intelligence tests
|
| 700 |
1 |
|
|a Naglieri, Jack A.
|
| 700 |
1 |
|
|a Goldstein, Sam
|
| 997 |
|
|
|a Education & Social Sciences, Faculty
|b Social Sciences, Department
|
| 998 |
|
|
|a Industrial Psychology, Degree
|
| 999 |
|
|
|a 0000041623
|b BOK
|c REFERENCE
|e Ground Floor, Bestari Jaya
|